[Event "British Chess Championships 2023: British Championship"]
[Site "The Venue, De Montfort University, 20 Western Boulevard, Leicester, LE2 7BU"]
[Date "2023.07.24"]
[Round "3"]
[Board "3"]
[White "Kanyamarala, Tarun"]
[Black "Pert, Nicholas"]
[Result "1/2-1/2"]
[WhiteElo "2344"]
[BlackElo "2536"]
[PlyCount "0"]
[EventDate "2023.07.22"]
[EventRounds "9"]
[EventCountry "ENG"]

1. e4 e6 2. d4 d5 3. e5 c5 4. c3 Nc6 5. Nf3 Bd7 6. Be2 Nge7 7. O-O Ng6 8. Be3 Be7
9. dxc5 Ncxe5 10. Nd4 Nc4 11. Bxc4 dxc4 12. Na3 O-O 13. Nxc4 Bxc5 14. a4 Rc8 15.
Nb5 Bxe3 16. Nxe3 a6 17. Nd6 Rc7 18. b4 f5 19. c4 f4 20. Nc2 Bc6 21. f3 Rd7 22. c5
Qg5 23. Nd4 Bd5 24. Qe2 e5 25. Nc2 a5  1/2-1/2

[Event "British Chess Championships 2023: British Championship"]
[Site "The Venue, De Montfort University, 20 Western Boulevard, Leicester, LE2 7BU"]
[Date "2023.07.24"]
[Round "3"]
[Board "4"]
[White "Grieve, Harry"]
[Black "Bates, Richard A"]
[Result "1-0"]
[WhiteElo "2459"]
[BlackElo "2324"]
[PlyCount "0"]
[EventDate "2023.07.22"]
[EventRounds "9"]
[EventCountry "ENG"]

1. e4 c5 2. Nf3 e6 3. Nc3 Nc6 4. d4 cxd4 5. Nxd4 Nf6 6. Nxc6 bxc6 7. e5 Nd5 8. Ne4
Bb7 9. Be2 c5 10. O-O Qc7 11. Nd6+ Bxd6 12. exd6 Qc6 13. f3 e5 14. c4 Nf4 15. Bxf4
exf4 16. Qd2 O-O 17. Bd3 Rae8 18. Qxf4 Re6 19. Rad1 g6 20. Bc2 Qa6 21. a3 Re2 22.
Rf2 Rfe8 23. Rxe2 Rxe2 24. Bd3 Re6 25. Bf1 Qb6 26. Rd2 a5 27. h4 Qd8 28. g3 Qe8 29.
Kf2 Bc6 30. Qg5 f5 31. h5 Qf8 32. hxg6 hxg6 33. Bh3 Rxd6 34. Rxd6 Qxd6 35. Bxf5 Qd4+
36. Kg2 Qxb2+ 37. Kh3 Qh8+ 38. Kg2 Qb2+ 39. Kh3 Qh8+ 40. Kg4 Qd4+ 41. f4 Qd1+ 42.
Kh4 Qh1+ 43. Bh3 Kf7 44. Qd8 Qd1 45. Qh8 Qd4 46. Qh7+ Qg7 47. Qxg7+ Kxg7 48. Kg5
d6 49. Be6 Bf3 50. f5 gxf5 51. Kxf5 Bg2 52. g4 Bh3 53. Bd5 Kf8 54. Ke6 Bxg4+ 55.
Kxd6 Ke8 56. Be6 Bf3 57. Kxc5 Ke7 58. Bh3 Be2 59. Bf5 Kd8 60. Be6 Kc7 61. Bf7 Bf1
62. Kb5 Kd6 63. Kb6 Bg2 64. c5 Kd7 65. Bg6 Bh3 66. c6+ Kc8 67. Bd3  1-0

[Event "British Chess Championships 2023: British Championship"]
[Site "The Venue, De Montfort University, 20 Western Boulevard, Leicester, LE2 7BU"]
[Date "2023.07.24"]
[Round "3"]
[Board "5"]
[White "Wadsworth, Matthew J"]
[Black "Rudd, Jack"]
[Result "1-0"]
[WhiteElo "2431"]
[BlackElo "2276"]
[PlyCount "0"]
[EventDate "2023.07.22"]
[EventRounds "9"]
[EventCountry "ENG"]

1. d4 Nf6 2. c4 g6 3. Nf3 Bg7 4. g3 O-O 5. Bg2 d6 6. Nc3 Nc6 7. d5 Na5 8. b3 c5 9.
Bb2 a6 10. O-O Bd7 11. Nd2 b5 12. Qc2 bxc4 13. bxc4 Rb8 14. Nd1 Qe8 15. Bc3 Ba4 16.
Qc1 Qd8 17. Qa3  1-0

[Event "British Chess Championships 2023: British Championship"]
[Site "The Venue, De Montfort University, 20 Western Boulevard, Leicester, LE2 7BU"]
[Date "2023.07.24"]
[Round "3"]
[Board "6"]
[White "Willow, Jonah B"]
[Black "Khandelwal, Ankush"]
[Result "1-0"]
[WhiteElo "2421"]
[BlackElo "2276"]
[PlyCount "0"]
[EventDate "2023.07.22"]
[EventRounds "9"]
[EventCountry "ENG"]

1. e4 c5 2. Nc3 d6 3. d4 cxd4 4. Qxd4 Nc6 5. Qd2 Nf6 6. b3 e6 7. Bb2 a6 8. O-O-O
b5 9. a3 Be7 10. f4 Bb7 11. Nf3 O-O 12. g4 Qb6 13. g5 Nd7 14. h4 Rfc8 15. h5 Nc5
16. h6 g6 17. b4 Nxb4 18. Qd4 Na2+ 19. Kb1 Nxc3+ 20. Bxc3 e5 21. fxe5 Na4 22. Qxb6
Nxb6 23. exd6 Bd8 24. Bd4 Bxe4 25. Re1 f5 26. gxf6 Bxf3 27. Bh3 Bd5 28. Re8+ Kf7
29. Rhe1 Nc4 30. Bxc8 Rxc8 31. d7 Nxa3+ 32. Kb2 Nc4+ 33. Kc1 Ra8 34. R8e7+ Kf8 35.
Rxh7 Ba5 36. Re8+ Rxe8 37. Rh8+  1-0

[Event "British Chess Championships 2023: British Championship"]
[Site "The Venue, De Montfort University, 20 Western Boulevard, Leicester, LE2 7BU"]
[Date "2023.07.24"]
[Round "3"]
[Board "7"]
[White "Jackson, James P"]
[Black "Merriman, John"]
[Result "1-0"]
[WhiteElo "2390"]
[BlackElo "2274"]
[PlyCount "0"]
[EventDate "2023.07.22"]
[EventRounds "9"]
[EventCountry "ENG"]

1. e4 e6 2. d4 d5 3. Nc3 Nf6 4. e5 Nfd7 5. f4 c5 6. Nf3 Nc6 7. Be3 cxd4 8. Nxd4 Bc5
9. Qd2 O-O 10. O-O-O Nxd4 11. Bxd4 a6 12. Qe3 Qc7 13. Bd3 b5 14. Ne2 b4 15. Qh3 g6
16. Qh6 Re8 17. Bxc5 Nxc5 18. Nd4 a5 19. Nf3 Rf8 20. h4 Ba6 21. Bxa6 Rxa6 22. Kb1
a4 23. f5 exf5 24. Rxd5 Ne4 25. Ng5 f6 26. Rhd1 Rc8 27. Rd8+ Rxd8 28. Rxd8+  1-0

[Event "British Chess Championships 2023: British Championship"]
[Site "The Venue, De Montfort University, 20 Western Boulevard, Leicester, LE2 7BU"]
[Date "2023.07.24"]
[Round "3"]
[Board "8"]
[White "Toma, Katarzyna"]
[Black "Chopra, Tanmay"]
[Result "1/2-1/2"]
[WhiteElo "2259"]
[BlackElo "2377"]
[PlyCount "0"]
[EventDate "2023.07.22"]
[EventRounds "9"]
[EventCountry "ENG"]

1. e4 e5 2. Nf3 Nc6 3. d4 exd4 4. Nxd4 Qf6 5. Nxc6 Bc5 6. Qf3 Qxf3 7. gxf3 bxc6 8.
Nc3 Ne7 9. Bc4 Bd4 10. Be3 Bxc3+ 11. bxc3 d6 12. Rg1 O-O 13. h4 Be6 14. Be2 f5 15.
Bd4 Rf7 16. c4 c5 17. Bb2 Ng6 18. h5 Nf4 19. h6 Nxe2 20. Kxe2 Bxc4+ 21. Kd2 g6 22.
e5 Rd8 23. Kc3 Be2 24. f4 dxe5 25. Rae1 Bf3 26. Rxe5 Rd4 27. Rge1 Bd5 28. Re8+ Rf8
29. R8e7 Bf7  1/2-1/2

[Event "British Chess Championships 2023: British Championship"]
[Site "The Venue, De Montfort University, 20 Western Boulevard, Leicester, LE2 7BU"]
[Date "2023.07.24"]
[Round "3"]
[Board "9"]
[White "Eggleston, David J"]
[Black "Volovich, Julia"]
[Result "1/2-1/2"]
[WhiteElo "2358"]
[BlackElo "1811"]
[PlyCount "0"]
[EventDate "2023.07.22"]
[EventRounds "9"]
[EventCountry "ENG"]

1. e4 c6 2. d4 d5 3. e5 c5 4. dxc5 e6 5. Nf3 Bxc5 6. a3 Ne7 7. b4 Bb6 8. Bd3 a5 9.
b5 a4 10. Bb2 Ng6 11. O-O O-O 12. c4 Nf4 13. Nc3 Nd7 14. cxd5 Nc5 15. Bc4 exd5 16.
Nxd5 Nxd5 17. Qxd5 Be6 18. Qxd8 Rfxd8 19. Bxe6 Nxe6 20. Bc3 Rd5 21. Rfd1 Rad8 22.
Rxd5 Rxd5 23. Bb4 h6 24. h4 Nd4 25. Nxd4 Bxd4 26. Rc1 Rxe5 27. Rc8+ Kh7 28. Rc7 Rxb5
29. Rc4 Bb6 30. g3 Rf5 31. Rc2 Rf3  1/2-1/2

[Event "British Chess Championships 2023: British Championship"]
[Site "The Venue, De Montfort University, 20 Western Boulevard, Leicester, LE2 7BU"]
[Date "2023.07.24"]
[Round "3"]
[Board "10"]
[White "Yao, Lan"]
[Black "Kanyamarala, Trisha"]
[Result "1-0"]
[WhiteElo "2242"]
[BlackElo "2344"]
[PlyCount "0"]
[EventDate "2023.07.22"]
[EventRounds "9"]
[EventCountry "ENG"]

1. e4 c5 2. Nf3 d6 3. d4 cxd4 4. Nxd4 Nf6 5. Nc3 a6 6. Bg5 Nbd7 7. Bc4 Qb6 8. Bb3
e6 9. Bxf6 Nxf6 10. Qd2 Nd7 11. O-O-O Nc5 12. f4 Bd7 13. f5 O-O-O 14. Kb1 Re8 15.
fxe6 fxe6 16. Qe3 Nxb3 17. axb3 Be7 18. Qg3 Rhf8 19. Nf3 g5 20. Nd2 Bb5 21. Qh3 Bd7
22. Nc4 Qc5 23. Qd3 Kc7 24. Rd2 Bc6 25. Rhd1 b5 26. Nxd6 Rd8 27. e5 Rh8 28. Qh3 b4
29. Qxe6 bxc3 30. Qxe7+ Kb8 31. Rd4 cxb2 32. Kxb2 Rde8 33. Qxg5 Rxe5 34. Qf4 Ka8
35. Rc4 Qa5 36. Rxc6 Rb8 37. Qc4 Ka7 38. Rc7+  1-0

[Event "British Chess Championships 2023: British Championship"]
[Site "The Venue, De Montfort University, 20 Western Boulevard, Leicester, LE2 7BU"]
[Date "2023.07.24"]
[Round "3"]
[Board "11"]
[White "Derakhshani, Borna"]
[Black "Beaumont, Chris R"]
[Result "1-0"]
[WhiteElo "2341"]
[BlackElo "2262"]
[PlyCount "0"]
[EventDate "2023.07.22"]
[EventRounds "9"]
[EventCountry "ENG"]

1. e4 c5 2. Nf3 g6 3. c3 Nc6 4. d4 d5 5. exd5 Qxd5 6. Be2 Bg7 7. c4 Qd8 8. d5 Nd4
9. Nxd4 cxd4 10. Na3 e5 11. dxe6 Bxe6 12. Qa4+ Bd7 13. Nb5 Bc6 14. Qa3 Bxb5 15. cxb5
Ne7 16. Bg5 h6 17. Bh4 g5 18. Bg3 O-O 19. Bd3 Nd5 20. O-O Qd7 21. Rfe1 Rfd8 22. Rad1
a5 23. bxa6 bxa6 24. Qa5 Nf4 25. Bxf4 gxf4 26. Re4 Qg4 27. Rde1 Qg5 28. Qd2 f3 29.
Qxg5 hxg5 30. gxf3 a5 31. f4 gxf4 32. Rxf4 Rd7 33. Rfe4 Kf8 34. Rc1 Bf6 35. Rc6 Be7
36. Rh6 Kg7 37. Rh7+ Kf6 38. Rf4+ Ke5 39. Rfxf7 Rg8+ 40. Kf1 Kd6 41. Rh6+ Kc5 42.
Re6  1-0

[Event "British Chess Championships 2023: British Championship"]
[Site "The Venue, De Montfort University, 20 Western Boulevard, Leicester, LE2 7BU"]
[Date "2023.07.24"]
[Round "3"]
[Board "12"]
[White "Pollack, Oscar"]
[Black "Hebden, Mark L"]
[Result "0-1"]
[WhiteElo "2096"]
[BlackElo "2436"]
[PlyCount "0"]
[EventDate "2023.07.22"]
[EventRounds "9"]
[EventCountry "ENG"]

1. e4 e5 2. Nf3 Nc6 3. d4 exd4 4. Nxd4 Nf6 5. Nxc6 bxc6 6. e5 Qe7 7. Qe2 Nd5 8. c4
Ba6 9. g3 O-O-O 10. b3 f6 11. e6 dxe6 12. Bh3 Kb8 13. O-O e5 14. Qe4 Nb4 15. a3 Nd3
16. Be3 Bb7 17. Nc3 g6 18. Qh4 h5 19. Ne4 Bg7 20. Rad1 Rhf8 21. Bg2 Qf7 22. Rxd3
Rxd3 23. Nc5 Rxe3 24. fxe3 f5 25. Rd1 Bf6 26. Qxf6 Qxf6 27. Nd7+ Kc8 28. Nxf6 Rxf6
29. e4 c5 30. exf5 Bxg2 31. Kxg2 Rxf5 32. Rd3 a5 33. a4 e4 34. Re3 Re5 35. g4 h4
36. g5 Kd7 37. Kh3 Kd6 38. Kg4 Re8 39. Kf4 Rf8+ 40. Kxe4 Re8+ 41. Kf4 Rxe3 42. Kxe3
Ke5 43. h3 Kf5 44. Kf3 c6 45. Ke3 Kxg5 46. Ke4 Kf6 47. Kf4 g5+ 48. Ke4 Ke6 49. Ke3
Ke5 50. Kf3 Kd4 51. Kg4 Kc3 52. Kxg5 Kxb3 53. Kxh4 Kxa4  0-1

[Event "British Chess Championships 2023: British Championship"]
[Site "The Venue, De Montfort University, 20 Western Boulevard, Leicester, LE2 7BU"]
[Date "2023.07.24"]
[Round "3"]
[Board "13"]
[White "Villiers, Thomas"]
[Black "Pert, Richard G"]
[Result "1/2-1/2"]
[WhiteElo "2140"]
[BlackElo "2421"]
[PlyCount "0"]
[EventDate "2023.07.22"]
[EventRounds "9"]
[EventCountry "ENG"]

1. e4 c6 2. d4 d5 3. Nc3 dxe4 4. Nxe4 Nf6 5. Ng3 h5 6. h4 c5 7. Bb5+ Nc6 8. N1e2
e6 9. O-O Bd7 10. Bg5 Nxd4 11. Nxd4 cxd4 12. Bc4 Qb6 13. Qe2 O-O-O 14. c3 Bc6 15.
cxd4 Bd6 16. Be3 Nd5 17. Ne4 Be7 18. Ng5 Bxg5 19. Bxg5  1/2-1/2

[Event "British Chess Championships 2023: British Championship"]
[Site "The Venue, De Montfort University, 20 Western Boulevard, Leicester, LE2 7BU"]
[Date "2023.07.24"]
[Round "3"]
[Board "14"]
[White "Mihalik, Agoston"]
[Black "Han, Yichen"]
[Result "0-1"]
[WhiteElo "2136"]
[BlackElo "2413"]
[PlyCount "0"]
[EventDate "2023.07.22"]
[EventRounds "9"]
[EventCountry "ENG"]

1. e4 c5 2. Nf3 e6 3. g3 Nc6 4. Bg2 Nf6 5. Qe2 e5 6. O-O Be7 7. d3 d6 8. Bg5 O-O
9. c3 Re8 10. Na3 Be6 11. Nc4 h6 12. Bxf6 Bxf6 13. Ne3 g6 14. Nd2 Bg7 15. h4 h5 16.
Kh2 Ne7 17. c4 Nc6 18. Nf3 Rb8 19. b3 a6 20. Rab1 b5 21. Ng5 Nd4 22. Qd2 Bg4 23.
f3 Bd7 24. Qf2 f6 25. Nh3 Rf8 26. f4 f5 27. exf5 Nxf5 28. Nd5 Nh6 29. Kh1 Bf5 30.
Qd2 Ng4 31. Rbe1 Qd7 32. Ng5 Rbe8 33. Ne3 Nxe3 34. Qxe3 Bf6 35. Ne4 Bg7 36. Ng5 Bh6
37. Bd5+ Kg7 38. fxe5 Rxe5 39. Qf4 Bxg5 40. hxg5 Be4+ 41. Bxe4 Rxf4 42. gxf4 Qh3+
43. Kg1 Qg3+ 44. Kh1 Re8 45. Re2 Rf8 46. Ref2 Qh3+ 47. Kg1 Qe3 48. Kg2 Re8 49. Rf3
Qd4 50. Re1 bxc4 51. bxc4 d5 52. cxd5 c4 53. Rfe3 c3 54. R3e2 Rb8 55. Kf3 Rb2 56.
Rc1 Qa4 57. d6 Qd7 58. Rxb2 Qh3+ 59. Kf2 cxb2 60. Rb1 Qh2+ 61. Ke3 Kf7 62. d4 Ke6
63. Bxg6 Qg3+ 64. Ke4 Qc3 65. d7 Kxd7 66. Ke5 Qc7+ 67. Kf6 Qxf4+ 68. Bf5+ Ke8 69.
d5 Qd4+ 70. Ke6 Qe3+ 71. Kf6 Qe7+ 72. Kg6 Qf7+ 73. Kh6 Qxf5 74. Rxb2 Qf8+ 75. Kh7
Qe7+ 76. Kh6 Qd6+ 77. Kh7 Qc7+ 78. Kh6 Kf8 79. Rf2+ Kg8 80. Kxh5 Qg3 81. Rd2 Kg7
82. Rd4 Qh3+ 83. Rh4 Qf3+ 84. Rg4 Qf7+ 85. g6 Qxd5+ 86. Rg5 Qxa2  0-1

[Event "British Chess Championships 2023: British Championship"]
[Site "The Venue, De Montfort University, 20 Western Boulevard, Leicester, LE2 7BU"]
[Date "2023.07.24"]
[Round "3"]
[Board "15"]
[White "Merriman, James"]
[Black "Pigott, John C"]
[Result "1/2-1/2"]
[WhiteElo "2067"]
[BlackElo "2347"]
[PlyCount "0"]
[EventDate "2023.07.22"]
[EventRounds "9"]
[EventCountry "ENG"]

1. d4 Nf6 2. c4 e6 3. Nc3 Bb4 4. e3 O-O 5. Bd3 d5 6. a3 Bxc3+ 7. bxc3 dxc4 8. Bxc4
c5 9. Ne2 Qc7 10. Bd3 b6 11. e4 cxd4 12. cxd4 Ba6 13. Bg5 Bxd3 14. Qxd3 Nbd7 15.
O-O Rac8 16. Rac1 Qb7 17. Nc3 h6 18. Bxf6 Nxf6 19. f3 Rfd8 20. Rfd1 Rd7 21. Ne2 Rxc1
22. Rxc1 Rc7 23. Rxc7 Qc8 24. Rc6  1/2-1/2

[Event "British Chess Championships 2023: British Championship"]
[Site "The Venue, De Montfort University, 20 Western Boulevard, Leicester, LE2 7BU"]
[Date "2023.07.24"]
[Round "3"]
[Board "16"]
[White "Claridge-Hansen, William"]
[Black "Dignam, Matthew P"]
[Result "1-0"]
[WhiteElo "2332"]
[BlackElo "2055"]
[PlyCount "0"]
[EventDate "2023.07.22"]
[EventRounds "9"]
[EventCountry "ENG"]

1. c4 Nf6 2. g3 g6 3. Bg2 Bg7 4. Nc3 O-O 5. d4 d6 6. Nf3 c5 7. d5 e6 8. O-O exd5
9. cxd5 Re8 10. Bf4 a6 11. a4 Ne4 12. Ra3 Nd7 13. Nxe4 Rxe4 14. Bxd6 Qb6 15. Bf4
Qxb2 16. Rb3 Qxe2 17. Qb1 Rxa4 18. Re1 Qa2 19. Re8+ Nf8 20. d6 c4 21. Qxa2 Rxa2 22.
Rb1 c3 23. d7 Bxd7 24. Rxa8 c2 25. Rc1 b5 26. Ne1 b4 27. Bd5 Ra5 28. Bb3 Ra3 29.
Bxc2 b3 30. Bd6 b2 31. Bxa3  1-0

[Event "British Chess Championships 2023: British Championship"]
[Site "The Venue, De Montfort University, 20 Western Boulevard, Leicester, LE2 7BU"]
[Date "2023.07.24"]
[Round "3"]
[Board "17"]
[White "Koiza, Peter"]
[Black "Dong, Bao Nghia"]
[Result "0-1"]
[WhiteElo "1963"]
[BlackElo "2327"]
[PlyCount "0"]
[EventDate "2023.07.22"]
[EventRounds "9"]
[EventCountry "ENG"]

1. d4 Nf6 2. c4 c5 3. d5 e6 4. Nc3 exd5 5. cxd5 d6 6. e4 g6 7. f3 Bg7 8. Nge2 O-O
9. Ng3 Nbd7 10. Be2 a6 11. a4 b6 12. O-O Rb8 13. f4 Ne8 14. Bc4 Nc7 15. Qd3 b5 16.
axb5 axb5 17. Nxb5 Nb6 18. Na7 Bd7 19. Nc6 Bxc6 20. dxc6 Nxc4 21. Qxc4 Rb4 22. Qd3
d5 23. exd5 Nxd5 24. Qf3 Qd6 25. Ne4 Qxc6 26. Nc3 Ne7 27. Qxc6 Nxc6 28. Ra6 Nd4 29.
Re1 Ne6 30. f5 gxf5 31. Nd5 Rb7 32. Rf1 Rd8 33. Rxf5 Rbd7 34. Ne3 Nd4 35. Rxc5 Nb3
36. Rc4 Rd3 37. Ra3 Bd4 38. Kf2 Nxc1 39. Rxc1 Bxe3+ 40. Ke2 Rxa3  0-1

[Event "British Chess Championships 2023: British Championship"]
[Site "The Venue, De Montfort University, 20 Western Boulevard, Leicester, LE2 7BU"]
[Date "2023.07.24"]
[Round "3"]
[Board "18"]
[White "Szekely, Virgil"]
[Black "Ashton, Adam G"]
[Result "0-1"]
[WhiteElo "1957"]
[BlackElo "2314"]
[PlyCount "0"]
[EventDate "2023.07.22"]
[EventRounds "9"]
[EventCountry "ENG"]

1. e4 e5 2. Nf3 Nc6 3. Bb5 a6 4. Bxc6 dxc6 5. O-O Bd6 6. d4 exd4 7. Qxd4 f6 8. e5
fxe5 9. Nxe5 Be6 10. Nf3 Qd7 11. Re1 Ne7 12. Bg5 O-O 13. Bxe7 Qxe7 14. Nbd2 Qd7 15.
Ne4 Rxf3 16. Nxd6 Rf6 17. Rad1 cxd6 18. Qxd6 Qxd6 19. Rxd6 Re8 20. f3 Bf7 21. Rxe8+
Bxe8 22. Rd8 Re6 23. Rb8 Re7 24. Kf2 Kf7 25. b4 Ke6 26. Rd8 Bg6 27. c4 Rd7 28. Rb8
Ke5 29. Ke3 Bf7 30. f4+ Kf6 31. Rf8 Ke7 32. Rh8 h6 33. c5 Bxa2 34. g4 Rd8 35. Rxd8
Kxd8 36. Kd4 Kc7 37. h4 b6 38. f5 bxc5+ 39. Kxc5 Bb1 40. Kd4 Kd6  0-1

[Event "British Chess Championships 2023: British Championship"]
[Site "The Venue, De Montfort University, 20 Western Boulevard, Leicester, LE2 7BU"]
[Date "2023.07.24"]
[Round "3"]
[Board "19"]
[White "Ledger, Andrew J"]
[Black "Badacsonyi, Frankie"]
[Result "1-0"]
[WhiteElo "2299"]
[BlackElo "1966"]
[PlyCount "0"]
[EventDate "2023.07.22"]
[EventRounds "9"]
[EventCountry "ENG"]

1. d4 d5 2. c4 e6 3. Nf3 a6 4. cxd5 exd5 5. Nc3 Nf6 6. Bg5 Be6 7. e3 Nbd7 8. Be2
Bd6 9. O-O O-O 10. Qc2 c6 11. Bh4 Qc7 12. Bg3 Bg4 13. Nxd5 Nxd5 14. Ng5 N7f6 15.
Bxd6 Qxd6 16. Bxg4 h6 17. Ne4 Nxe4 18. Qxe4 Nf6 19. Qf5 Nxg4 20. Qxg4 f5 21. Qf3
f4 22. Rfe1 fxe3 23. Qxe3 Kh8 24. Rad1 Qd5 25. b3 Rad8 26. g3 Rf7 27. Qc3 Qf5 28.
Rd2 Rfd7 29. Re5 Qf7 30. Qe3 Qf8 31. h4 Qf7 32. Qe4 Qf8 33. Rd3 Rf7 34. Qe2 Rfd7
35. Rf3 Qg8 36. Rfe3 Rf7 37. h5 Rdf8 38. f4 Rd7 39. R3e4 Qf7 40. Qg4 Rfd8 41. Qg6
Rf8 42. Re8 Kg8 43. Rxf8+ Kxf8 44. Qh7 Rd8 45. Re5  1-0

[Event "British Chess Championships 2023: British Championship"]
[Site "The Venue, De Montfort University, 20 Western Boulevard, Leicester, LE2 7BU"]
[Date "2023.07.24"]
[Round "3"]
[Board "20"]
[White "Weersing, Abigail R"]
[Black "Jones, Steven A"]
[Result "0-1"]
[WhiteElo "1919"]
[BlackElo "2175"]
[PlyCount "0"]
[EventDate "2023.07.22"]
[EventRounds "9"]
[EventCountry "ENG"]

1. d4 Nf6 2. c4 e6 3. Nc3 Bb4 4. Qc2 Nc6 5. Nf3 d6 6. Bg5 h6 7. Bh4 g5 8. Bg3 g4
9. d5 exd5 10. cxd5 Nxd5 11. Bh4 Qd7 12. Nd2 Qe6 13. e4 Bxc3 14. bxc3 Nb6 15. Be2
Bd7 16. Nb3 f6 17. O-O O-O-O 18. a4 a5 19. c4 Qe5 20. Bg3 Qg5 21. c5 dxc5 22. Qxc5
h5 23. Qxg5 fxg5 24. f3 gxf3 25. gxf3 Bh3 26. Rfc1 Rh7 27. Be1 Nd4 28. Nxd4 Rxd4
29. Bb5 Bd7 30. Bf2 Rxa4 31. Bxa4 Nxa4 32. Be1 b6 33. Rc4 Nc5 34. Rb1 Nd3 35. Bg3
Nc5 36. Bf2 Be6 37. Rc3 Na4 38. Rc6 Bd7 39. Rg6 Nc3 40. Rb3 Ne2+ 41. Kf1 a4 42. Ra3
Nf4 43. Rxg5 b5 44. Bc5 Ne6 45. Re5 Nxc5 46. Rxc5 Kb7 47. Rac3 b4 48. Rc1 Kb6 49.
Ke1 b3 50. R5c3 Rg7 51. Kf2 Bb5 52. e5 c5 53. e6 Re7 54. Re3 c4 55. Ra1 Rc7 56. e7
Be8 57. Rg1 a3 58. Rc3 a2 59. Rcc1 b2 60. Ra1 bxa1=Q 61. Rxa1 Ra7 62. Ke3 Kc5 63.
Kd2 Kd6 64. Kc3 Kxe7 65. Kxc4 Bg6 66. Kd4 Bb1 67. Ke3 Kf6 68. Kf4 Ra4+  0-1

[Event "British Chess Championships 2023: British Championship"]
[Site "The Venue, De Montfort University, 20 Western Boulevard, Leicester, LE2 7BU"]
[Date "2023.07.24"]
[Round "3"]
[Board "21"]
[White "Gardiner, Eric D"]
[Black "Ismail, Mohammed Aayan"]
[Result "1/2-1/2"]
[WhiteElo "1843"]
[BlackElo "2169"]
[PlyCount "0"]
[EventDate "2023.07.22"]
[EventRounds "9"]
[EventCountry "ENG"]

1. e4 c6 2. d4 d5 3. exd5 cxd5 4. Bd3 Nf6 5. h3 e6 6. Nf3 Bd6 7. O-O O-O 8. Re1 h6
9. c3 b6 10. Qe2 Bb7 11. Nbd2 Nc6 12. Ne5 Bxe5 13. dxe5 Nd7 14. Nf3 f6 15. Nd4 Nxd4
16. cxd4 fxe5 17. dxe5 Qh4 18. f4 Nc5 19. Bd2 Qg3 20. Bc2 d4 21. Qf2 Qxf2+ 22. Kxf2
d3 23. Bb3 Ne4+ 24. Rxe4 Bxe4 25. Bxe6+ Kh8 26. Re1 Bh7 27. g4 Bg8 28. Bd7 Bf7 29.
e6 Be8 30. f5 Bxd7 31. exd7 Rad8 32. Re7 Kg8 33. Bc3 Rf7 34. Re8+ Rf8 35. Re7 Rf7
36. Re8+ Rf8 37. Re7 Rf7  1/2-1/2

[Event "British Chess Championships 2023: British Championship"]
[Site "The Venue, De Montfort University, 20 Western Boulevard, Leicester, LE2 7BU"]
[Date "2023.07.24"]
[Round "3"]
[Board "22"]
[White "Stoica, Savas Marin"]
[Black "Alldritt, Nigel Re"]
[Result "1/2-1/2"]
[WhiteElo "2156"]
[BlackElo "1962"]
[PlyCount "0"]
[EventDate "2023.07.22"]
[EventRounds "9"]
[EventCountry "ENG"]

1. e4 e6 2. d4 d5 3. Nc3 Bb4 4. e5 c5 5. a3 Bxc3+ 6. bxc3 Ne7 7. a4 O-O 8. Nh3 Nbc6
9. Bd3 f5 10. exf6 Rxf6 11. O-O h6 12. Re1 Bd7 13. Nf4 c4 14. Bf1 Qc7 15. g3 Re8
16. Bg2 g6 17. Bd2 Kh7 18. h4 Ng8 19. Bh3 Qd6 20. Bc1 Qf8 21. Qd2 Qf7 22. Bg2 Nce7
23. Rb1 Bc8 24. Qe2 Rf8 25. Nh3 Nf5 26. Bg5 Nd6 27. Bf4 Qd7 28. Be5 R6f7 29. g4 Ne7
30. f4 Nc6 31. Qe3 b6 32. Qg3 Nxe5 33. fxe5 Ne8 34. a5 b5 35. Rf1 Rxf1+ 36. Rxf1
Rxf1+ 37. Bxf1 Qc7 38. Qf3 Kg7 39. Nf4 Qf7 40. Bh3 Nc7 41. g5 h5 42. Kf2 Bd7 43.
Ke3  1/2-1/2

[Event "British Chess Championships 2023: British Championship"]
[Site "The Venue, De Montfort University, 20 Western Boulevard, Leicester, LE2 7BU"]
[Date "2023.07.24"]
[Round "3"]
[Board "23"]
[White "Turner, Max N"]
[Black "Jackson, Edward"]
[Result "1-0"]
[WhiteElo "2252"]
[BlackElo "1942"]
[PlyCount "0"]
[EventDate "2023.07.22"]
[EventRounds "9"]
[EventCountry "ENG"]

1. d4 d5 2. c4 e6 3. Nf3 Nf6 4. g3 Bb4+ 5. Bd2 Be7 6. Bg2 O-O 7. O-O c6 8. Qc2 b6
9. Bf4 Bb7 10. Rd1 Nbd7 11. Nbd2 Nh5 12. Be3 Rc8 13. Ne5 Nhf6 14. b3 c5 15. h3 cxd4
16. Bxd4 Qc7 17. Qb2 Nc5 18. cxd5 Bxd5 19. Bxd5 Nxd5 20. Rac1 Qb7 21. Nec4 Nf6 22.
b4 Nce4 23. Nf3 Rfd8 24. Ne3 Qa6 25. a3 Qb5 26. Kg2 Qh5 27. Be5 Ng5 28. Nxg5 Qxg5
29. Rxd8+ Rxd8 30. Rc7 Ne4 31. h4 Qg6 32. Rxe7 f6 33. Bc7 Rd2 34. Qb3 Nc5 35. bxc5
Qe4+ 36. Kh2 Rxe2 37. Qxe6+  1-0

[Event "British Chess Championships 2023: British Championship"]
[Site "The Venue, De Montfort University, 20 Western Boulevard, Leicester, LE2 7BU"]
[Date "2023.07.24"]
[Round "3"]
[Board "24"]
[White "Unnikrishnan, Midhun P"]
[Black "Kueh, Audrey"]
[Result "1-0"]
[WhiteElo "2168"]
[BlackElo "2096"]
[PlyCount "0"]
[EventDate "2023.07.22"]
[EventRounds "9"]
[EventCountry "ENG"]

1. Nf3 d5 2. g3 Nf6 3. c4 dxc4 4. Bg2 c6 5. O-O Nbd7 6. Qc2 Nb6 7. a4 a5 8. Na3 g6
9. Nxc4 Nxc4 10. Qxc4 Bg7 11. d3 O-O 12. Bd2 Nd5 13. e4 Nb6 14. Qc2 Bg4 15. Rab1
c5 16. Qb3 Be6 17. Qb5 Bd7 18. Qxc5 Nxa4 19. Qa3 Bb5 20. Rfd1 Qxd3 21. Bc3 Nxc3 22.
Rxd3 Nxb1 23. Qb3 Bxd3 24. Qxd3 Bxb2 25. Qxb1 Bc3 26. Bf1 Rfc8 27. Qxb7 a4 28. Bc4
Rab8 29. Qa6 Ra8 30. Qb7 Rab8 31. Qd5 e6 32. Qd3 a3 33. Ng5 Rb4 34. Bxe6 Bf6 35.
Qd7 Bxg5 36. Qxf7+ Kh8 37. Bxc8  1-0